000 00284nam a22001337a 4500
008 170818b xxu||||| |||| 00| 0 eng d
020 _a9780134190112
041 _aeng
080 _a51
100 _a37
101 _aMAT
245 _aADVANCED ALGEBRA
_cBELLMAN,A
942 _2udc
_cBK
999 _c24033
_d24033